Metallica Lyrics – #16: Escape - Statistics

General Stats
  • This quiz has been taken 17 times
  • The average score is 88 of 157
Answer Stats
Answer % Correct
my
93%
own,
93%
own
93%
To
93%
to
93%
be
86%
for
86%
free
86%
I
86%
Out
86%
out
86%
life
79%
live
79%
way
79%
Life's
71%
mind
71%
mind,
71%
on
71%
the
71%
ain't
64%
can
64%
Can't
64%
can't
64%
do
64%
escape
64%
me
64%
no
64%
No
64%
one
64%
One
64%
see
64%
See
64%
Who
64%
and
57%
easy
57%
from
57%
just
57%
say
57%
that
57%
they
57%
what
57%
with
57%
bring
50%
Don't
50%
don't
50%
so
50%
tell
50%
world
50%
you
50%
best
43%
but
43%
down
43%
end
43%
false
43%
Feel
43%
ground
43%
hammer
43%
hear
43%
in
43%
need
43%
of
43%
pain,
43%
right?
43%
them
43%
things
43%
true
43%
care
36%
cares,
36%
damn
36%
destroy
36%
feelings
36%
friend
36%
I'm
36%
side
36%
through
36%
destiny
29%
endless
29%
know
29%
Rape
29%
says
29%
sight
29%
Undamaged
29%
until
29%
your
29%
blurry
21%
brain
21%
chains
21%
circle
21%
Feed
21%
fight
21%
hold
21%
I'll
21%
much
21%
now,
21%
Ring
21%
standards
21%
stronger
21%
stupidity
21%
trying
21%
so-called
14%
away
7%
Break
7%
caught
7%
'cause
7%
common
7%
get
7%
fashion
0%
No matching quizzes found
Score Distribution
Percent of People with Each Score
Percentile by Number Answered
Your Score History
You have not taken this quiz